000 00766nam a22002417a 4500
003 DO-SdBNP
005 20180222152015.0
008 160321b 1995 sp a 00| 0 spa d
020 _a9788480161930
040 _aBPMSU
_bspa
_cBPMSU
082 4 _axxxx
_bxxxx
100 1 _aGraham, Ian
245 1 _aMáquinas que ruedan /
_cIan Graham ; editor Esther Gallart Gual ; José Ma. Díaz de Mendívil Pérez
260 _aBarcelona :
_bLarousse Planeta :
_c1995.
300 _a40 p. :
_bil. ;
_c28 cm.
490 1 _aLarousse / Juvenil
700 1 2 _aGallart Gual, Esther,
_eed.
700 1 0 _aDíaz Mendívil Pérez, José Ma. de,
_eed.
830 0 _aLarousse / Juvenil
942 _2ddc
_cBK
945 _aInventariado, 2018 / BT
956 _aBTAVAREZ
_b10
_d20160321
_fBPMSU
_h0038
999 _c9342
_d9342